Delinquent behavior : (Record no. 38292)

MARC details
000 -LEADER
fixed length control field 00746nam a22002057a 4500
005 - DATE AND TIME OF LATEST TRANSACTION
control field 2010073003153.0
010 ## - LCCN (DPL NO)
LC control number ENG-97325
020 ## - INTERNATIONAL STANDARD BOOK NUMBER
International Standard Book Number 8188573612
Terms of availability 595.00
035 ## - SYSTEM CONTROL NUMBER
System control number EN-80858
037 ## - SOURCE OF ACQUISITION
Source of stock number/acquisition DBAD/PUB
082 ## - DEWEY DECIMAL CLASSIFICATION NUMBER
Classification number 364.36
100 ## - MAIN ENTRY--PERSONAL NAME
Personal name Bachhav, Arun
245 ## - TITLE STATEMENT
Title Delinquent behavior :
Remainder of title a psycho social perspective /
Statement of responsibility, etc by Arun Bachhav
260 ## - PUBLICATION, DISTRIBUTION, ETC. (IMPRINT)
Place of publication, distribution, etc Kanpur
Name of publisher, distributor, etc Chandralok Prakashan
Date of publication, distribution, etc 2010
270 ## - ADDRESS
Address 132, Shivam Kripa Mayur Park,Basant Vihar,
City Kanpur
Postal code 208021
300 ## - PHYSICAL DESCRIPTION
Extent 236p.
Dimensions 22cm, (Hb)
650 ## - SUBJECT ADDED ENTRY--TOPICAL TERM
Topical term or geographic name as entry element Juvenile delinquency
942 ## - ADDED ENTRY ELEMENTS (KOHA)
Source of classification or shelving scheme Dewey Decimal Classification
Item type English Books
Classification part 364.36
Call number suffix BAC
Holdings
Withdrawn status Lost status Not for loan Collection code Home library Current library Date acquired Source of acquisition Cost, normal purchase price Full call number Barcode Copy number Cost, replacement price Koha item type
    Not For Loan Non-fiction D.B.Act.Division D.B.Act.Division 30/07/2010 DBAD/PUB 595.00 364.36 BAC EN-80858 1 595.00 English Books

© Delhi Public Library
Hit Counter
free hit counter